Los dos primeros documentos conciliares: acordados en el Concilio Vaticano II y aprobados y promulgados por S. S. Paulo Papa VI, traducción no oficial
Gespeichert in:
| Format: | Buch |
|---|---|
| Sprache: | Spanisch |
| Veröffentlicht: |
Santiago
Episcopado Chileno
1963
|
| Schlagworte: | |
| Tags: |
Tag hinzufügen
Keine Tags, Fügen Sie den ersten Tag hinzu!
|
MARC
| LEADER | 00000nam a2200000 a 4500 | ||
|---|---|---|---|
| 001 | UCL3076 | ||
| 003 | CL-VaPUC | ||
| 008 | 031114e19630000CL |||||||||||||||||spa|d | ||
| 082 | 0 | 4 | |a 262.91 |b DOS |2 21 |
| 245 | 1 | 4 | |a Los dos primeros documentos conciliares: acordados en el Concilio Vaticano II y aprobados y promulgados por S. S. Paulo Papa VI, traducción no oficial |
| 300 | |a 72 p | ||
| 942 | |c BK | ||
| 945 | |d 20031114 00:00:00 |a vberengu | ||
| 260 | |a Santiago |b Episcopado Chileno |c 1963 | ||
| 650 | 0 | |a Documentos pontificios |9 255642 | |
| 583 | |a last modification |c 20031114 00:00:00 |k Rodrigo Vera | ||
| 999 | |c 306210 |d 306208 | ||
| 952 | |0 0 |1 0 |4 0 |6 262_910000000000000_DOS_1963 |7 0 |8 A |9 371050 |a BIBTEO |b BIBTEO |d 2019-11-21 |i 2094835 |o 262.91 DOS 1963 |p 2094835 |r 2025-01-17 |w 2019-11-21 |y BK |k ICR | ||